Taylor Swift-Album (Debut, Taylor Swift) - Statistics

General Stats
  • This quiz has been taken 572 times
  • The average score is 12 of 15
Answer Stats
# Track % Correct
1. Tim Mcgraw
96%
11. Our Song
92%
2. Picture To Burn
92%
3. (Radio Single) Teardrops On My Guitar
91%
15. (Pop Version) Teardrops on My Guitar
91%
10. Mary's Song (Oh My My My)
83%
9. Should've Said No
79%
5. Cold As You
76%
4. A Place in this World
75%
6. The Outside
73%
7. Tied Together With a Smile
71%
13. Invisible
68%
8. Stay Beautiful
65%
14. A Perfectly Good Heart
63%
12. I'm Only Me When I'm With You
62%
No matching quizzes found
Score Distribution
Percent of People with Each Score
Percentile by Number Answered
Your Score History
You have not taken this quiz